000 00570cam a22002171 4500
001 sa 68019899
003 DLC
005 20260227112720.0
008 790111s1966 io 000 0 ind
010 _asa 68019899
035 _a(OCoLC)4541933
040 _aDLC
_cOAU
_dDLC
042 _apremarc
050 0 0 _aBJ1588.I5
_bN29
100 1 _aNasution, M. Yunan.
245 1 0 _aDinamika hidup,
_coleh M. Yunan Nasution.
260 _aDjakarta,
_b"Bulan Bintang,"
_c1966.
300 _a207 p.
_c21 cm.
504 _aBibliography : p. 207.
650 0 _aConduct of life.
999 _c89133
_d89133